| 000 | 00927nas a2200289 4500 | ||
|---|---|---|---|
| 001 | BR9505191 | ||
| 003 | BR-BrBNA | ||
| 005 | 20231205094211.0 | ||
| 007 | ta | ||
| 008 | 230509b bl.|||p| |||| 00| 00por d | ||
| 040 |
_aBR-BrBNA _bpor _cBiblioteca Nacional de Agricultura |
||
| 041 | _a(Pt) | ||
| 072 | _aL01; L20 | ||
| 100 | 1 | _aNeiva, R.S. | |
| 100 | 1 | _aCoelho, M.M. | |
| 100 | 1 | _aOliveira, A.I.G. de | |
| 245 | 1 | _aEstudos de fatores de ambiente que influenciam a producao de leite de um rebanho holandes da Estacao Experimental de Cambuquira, Minas Gerais | |
| 650 | _aProducao Leiteira | ||
| 650 | _aGado Holandes | ||
| 650 | _aMeio Ambiente | ||
| 650 | _aEstacao Experimental | ||
| 650 | _aCambuquira | ||
| 650 | _aMinas Gerais | ||
| 773 | 0 |
_tCiencia e Pratica (Brazil) _xISSN 0100-3267 _g(Jan-Mar 1992), v. 16(1) p. 158-162 _wBR9505191 |
|
| 909 |
_a202311 _bLúcia _c55 _dLúcia Elande |
||
| 942 |
_2AGRIS _n0 _cANA |
||
| 999 |
_c142726 _d142726 |
||